000 00310nam a2200145Ia 4500
100 _aDynalog micro system
942 _cBK
654 _acomputer
245 _aOperating Manual for Microfriend I
260 _bDMS
_aNew Delhi
082 _a4.16
_bDMS
300 _a166
546 _aENGLISH
999 _c20384
_d20384